[Event "Reykjavik Open 2026"]
[Site "Reykjavik ISL"]
[Date "2026.03.25"]
[Round "1.23"]
[White "Skarphedinsson, Ingvar Wu"]
[Black "Prraneeth, Vuppala"]
[Result "1/2-1/2"]
[BlackTitle "GM"]
[WhiteElo "2099"]
[BlackElo "2515"]
[WhiteFideId "2316943"]
[BlackFideId "46622373"]
[EventDate "2026.03.25"]

1. d4 Nf6 2. c4 e6 3. g3 d5 4. Bg2 Bb4+ 5. Nd2 O-O 6. Nf3 b6 7. O-O Bb7 8. Qc2
Nbd7 9. a3 Be7 10. b4 c5 11. bxc5 bxc5 12. Rb1 Qc8 13. dxc5 Bxc5 14. Bb2 dxc4
15. Bxf6 Nxf6 16. Rxb7 Qxb7 17. Ng5 Qc8 18. Nde4 Nxe4 19. Qxe4 g6 20. Qh4 h5 21.
Bxa8 Qxa8 22. Qxc4 Qd5 23. Qxd5 exd5 24. a4 Re8 25. Rc1 Bb6 26. Rc2 f6 27. Nf3
Re4 28. Ra2 g5 29. a5 Bc5 30. e3 Kf7 31. Kf1 Rb4 32. a6 Ke6 33. Ke2 Rb1 34. h4
g4 35. Ne1 Bd6 36. Nd3 Rh1 37. Ra4 Rb1 38. Ra2 Kd7 39. Ra4 Rb6 40. Nf4 Rb2+ 41.
Kf1 Rb1+ 42. Ke2 Bxf4 43. Rxf4 Rb2+ 44. Kf1 Ke6 45. e4 d4 46. Rf5 d3 47. Ke1
Re2+ 48. Kd1 Ra2 49. Ke1 Rxa6 50. Kd2 Ra3 51. Rxh5 Ra2+ 52. Kxd3 Rxf2 53. Ra5
Rf3+ 54. Kd4 Rxg3 55. Ra6+ Kf7 56. e5 Rf3 57. exf6 g3 58. Ke5 Re3+ 59. Kf4 g2
60. Rxa7+ Kxf6 61. Ra1 Rh3 62. Rg1 Rxh4+ 63. Kg3 1/2-1/2

[Event "Reykjavik Open 2026"]
[Site "Reykjavik ISL"]
[Date "2026.03.25"]
[Round "1.24"]
[White "Erdmann, Stefan"]
[Black "Gupta, Abhijeet"]
[Result "0-1"]
[BlackTitle "GM"]
[WhiteElo "2097"]
[BlackElo "2506"]
[WhiteFideId "4663470"]
[BlackFideId "5010608"]
[EventDate "2026.03.25"]

1. d4 Nf6 2. Nf3 g6 3. c4 Bg7 4. g3 d5 5. cxd5 Nxd5 6. Bg2 Nb6 7. O-O Nc6 8. e3
e5 9. Nxe5 Nxe5 10. dxe5 Qxd1 11. Rxd1 Bxe5 12. Nc3 c6 13. Bd2 Bg4 14. f3 Be6
15. Rac1 Nc4 16. b3 Nb2 17. Rf1 Nd3 18. Rc2 Nb4 19. Rcc1 O-O-O 20. Rfd1 Nxa2 21.
Nxa2 Bxb3 22. Bc3 Rxd1+ 23. Rxd1 Bxc3 24. Nxc3 Bxd1 25. Nxd1 Rd8 26. Nc3 Rd3 27.
Ne4 f5 28. Ng5 a5 29. e4 Rd1+ 30. Kf2 Rd2+ 0-1

[Event "Reykjavik Open 2026"]
[Site "Reykjavik ISL"]
[Date "2026.03.25"]
[Round "1.25"]
[White "Brodsky, David"]
[Black "Krishay Jain"]
[Result "1-0"]
[WhiteTitle "GM"]
[WhiteElo "2505"]
[BlackElo "2097"]
[WhiteFideId "2073250"]
[BlackFideId "25129597"]
[EventDate "2026.03.25"]

1. e4 e6 2. d4 d5 3. Nc3 Nf6 4. e5 Nfd7 5. f4 c5 6. Nf3 Nc6 7. Be3 a6 8. Ne2 f6
9. c3 fxe5 10. dxe5 Be7 11. h4 c4 12. Ned4 Nxd4 13. cxd4 b5 14. g3 Qb6 15. Bh3
Nf8 16. O-O b4 17. Nd2 g6 18. Qf3 Ra7 19. Qf2 Qc6 20. Nxc4 dxc4 21. d5 exd5 22.
Bxc8 Rc7 23. Bh3 Ne6 24. f5 O-O 25. f6 Rf7 26. Kh2 Bf8 27. Rad1 Rfd7 28. Qf3 c3
29. bxc3 bxc3 30. Bg2 Kf7 31. Rxd5 Rxd5 32. Qxd5 Qxd5 33. Bxd5 c2 34. Bb3 Ba3
35. Bc1 Bxc1 36. Rxc1 Rc5 37. Rxc2 Rxe5 38. Rc7+ Kxf6 39. Rxh7 Rb5 40. Rd7 Rb6
41. Rd5 g5 42. Kh3 gxh4 43. Kxh4 Nf8 44. g4 Ng6+ 45. Kg3 Ne7 46. Rd7 Nc8 47. Kh4
Nd6 48. Kh5 Ne4 49. Rf7+ Ke5 50. g5 Ng3+ 51. Kg4 Ne4 52. Re7+ Kd4 53. Kf4 Nc5
54. Bf7 Nd3+ 55. Kf5 Rb5+ 56. Kf6 Nf4 57. Ra7 Ke4 58. Re7+ Kd4 59. Ra7 Ke4 60.
g6 Nh5+ 61. Ke7 Rb6 62. Rc7 Ng7 63. Rc4+ Ke5 64. Rc5+ Kd4 65. Ra5 Ke4 66. Kf8
Nf5 67. Rxf5 1-0

[Event "Reykjavik Open 2026"]
[Site "Reykjavik ISL"]
[Date "2026.03.25"]
[Round "1.26"]
[White "Marsh, James J"]
[Black "Razafindratsima, Timothe"]
[Result "0-1"]
[BlackTitle "IM"]
[WhiteElo "2096"]
[BlackElo "2504"]
[WhiteFideId "30975751"]
[BlackFideId "36069884"]
[EventDate "2026.03.25"]

1. d4 f5 2. g3 Nf6 3. Bg2 d6 4. Nf3 g6 5. a4 a5 6. O-O Bg7 7. Nc3 O-O 8. Re1 Ne4
9. Nxe4 fxe4 10. Nd2 d5 11. c3 Nc6 12. f3 e5 13. fxe4 exd4 14. exd5 Ne7 15. e4
dxe3 16. Nc4 e2 17. Qb3 Kh8 18. Ne3 c6 19. Rxe2 Ra6 20. dxc6 Rxc6 21. Bd2 Rd6
22. Be1 Nc6 23. Nd5 Be6 24. Rd2 Qg5 25. h4 Qe5 26. Qd1 Bh6 27. Nf4 Bxf4 28. gxf4
Qe3+ 29. Kh1 Bg4 30. Qc2 Bf5 31. Qd1 Bg4 32. Qc2 Re6 33. Qd3 Qxf4 34. Bg3 Qh6
35. Rf2 Rxf2 36. Bxf2 Bf5 37. Qc4 Qd2 38. Bd4+ Nxd4 39. Qxd4+ Qxd4 40. cxd4 Rb6
41. Re1 Rxb2 42. Re8+ Kg7 43. Re7+ Kh6 44. Kh2 Rb4 45. h5 Rxd4 46. Rxb7 Be4 47.
Bxe4 Rxe4 48. hxg6 hxg6 49. Kg3 Rxa4 50. Ra7 Kg5 51. Ra6 Ra3+ 52. Kf2 Kf5 53.
Rc6 g5 54. Rc5+ Kg4 55. Kg2 Ra2+ 56. Kg1 a4 57. Rc4+ Kf3 58. Rc3+ Ke4 59. Rc4+
Kf3 60. Rc3+ Kg4 61. Rc4+ Kh3 62. Rc3+ Kh4 63. Rc4+ g4 64. Rc8 Kh3 65. Rc3+ g3
66. Rc1 a3 67. Kh1 Rh2+ 68. Kg1 a2 0-1

[Event "Reykjavik Open 2026"]
[Site "Reykjavik ISL"]
[Date "2026.03.25"]
[Round "1.27"]
[White "Balakrishnan, Praveen"]
[Black "Zhu, Yilun"]
[Result "1/2-1/2"]
[WhiteTitle "GM"]
[WhiteElo "2496"]
[BlackElo "2087"]
[WhiteFideId "2064871"]
[BlackFideId "8609292"]
[EventDate "2026.03.25"]

1. c4 e6 2. Nc3 Nf6 3. e4 d5 4. e5 d4 5. exf6 dxc3 6. bxc3 Qxf6 7. Bd3 Nc6 8.
Nf3 e5 9. O-O Bd6 10. Rb1 O-O 11. Qc2 h6 12. Bh7+ Kh8 13. Be4 a6 14. Re1 Bc5 15.
d3 Re8 16. Be3 Bf8 17. Bd2 Bc5 18. d4 exd4 19. Bxc6 Rxe1+ 20. Rxe1 Qxc6 21. cxd4
Bf8 22. d5 Qf6 23. Bc3 Qd8 24. Ne5 Kg8 25. Qe2 Bd7 26. Qf3 Be8 27. Ng4 Qg5 28.
h3 Bd7 29. Ne5 Qf5 30. Qg3 Re8 31. Nxd7 Rxe1+ 32. Bxe1 Qxd7 33. Qb3 b5 34. Qd3
bxc4 35. Qxc4 Qd6 36. a4 Be7 37. Ba5 Bd8 38. g3 h5 39. Kg2 Qg6 40. Qe2 f5 41.
Qd3 Qe8 42. Qxf5 Qxa4 43. Qe6+ Kh7 44. Bc3 h4 45. Qf5+ Kg8 46. g4 Qb5 47. Qe6+
Kf8 48. Be5 Qc4 49. Kh2 Qc5 50. Kg2 Be7 51. Bf4 a5 52. g5 g6 53. Be3 Qd6 54. Qe4
Kf7 55. Bf4 Qd7 56. Be5 Bxg5 57. Qc4 Ke8 58. Bxc7 a4 59. Be5 Be7 60. Qd4 Kf7 61.
d6 Bd8 62. Qe3 Kg8 63. Qh6 Qb7+ 64. Kg1 Qh7 65. Qf4 Qd7 66. Bb2 a3 67. Bxa3 Qxh3
68. Qc4+ Kg7 69. Bb2+ Kf8 70. Qd4 Ke8 71. Qh8+ Kd7 72. Qg7+ Kxd6 73. Qxg6+ Kd7
74. Qg7+ Kc8 75. Be5 Qf5 76. Bd6 Qg5+ 77. Qxg5 Bxg5 78. Kg2 Kd7 79. f4 Bxf4 1/2-1/2

[Event "Reykjavik Open 2026"]
[Site "Reykjavik ISL"]
[Date "2026.03.25"]
[Round "1.29"]
[White "Chen, Qi b"]
[Black "Quirke, Jeffrey"]
[Result "1-0"]
[WhiteTitle "IM"]
[WhiteElo "2484"]
[BlackElo "2075"]
[WhiteFideId "8614733"]
[BlackFideId "2013029"]
[EventDate "2026.03.25"]

1. e4 e5 2. Nf3 Nc6 3. Bb5 a6 4. Ba4 b5 5. Bb3 g6 6. a4 b4 7. d4 exd4 8. Nxd4
Na5 9. h4 Nxb3 10. Nxb3 Qe7 11. Qd4 Nf6 12. O-O Qd6 13. Qxd6 cxd6 14. Re1 Be7
15. N1d2 O-O 16. Nc4 Ng4 17. Bf4 Ne5 18. Nxe5 dxe5 19. Bxe5 Bxh4 20. Bd6 Re8 21.
Bxb4 Bb7 22. e5 Rec8 23. c3 Bd5 24. Nd4 Bd8 25. Rad1 Rab8 26. Rd2 Ba8 27. a5 Bc7
28. f4 f6 29. exf6 Bxf4 30. f7+ Kg7 31. Rf2 Rxb4 32. Re8 1-0

[Event "Reykjavik Open 2026"]
[Site "Reykjavik ISL"]
[Date "2026.03.25"]
[Round "1.30"]
[White "Hardarson, Jon Trausti"]
[Black "Magold, Filip"]
[Result "0-1"]
[WhiteTitle "CM"]
[BlackTitle "IM"]
[WhiteElo "2071"]
[BlackElo "2484"]
[WhiteFideId "2302594"]
[BlackFideId "1254456"]
[EventDate "2026.03.25"]

1. d4 Nf6 2. c4 e6 3. Nf3 b6 4. g3 Bb4+ 5. Nbd2 Ba6 6. Qc2 Bb7 7. Bg2 O-O 8. O-O
c5 9. a3 Bxd2 10. Qxd2 Nc6 11. dxc5 bxc5 12. Qc2 d6 13. Rd1 Qe7 14. Bg5 Rfd8 15.
Rd2 Rd7 16. Rad1 Rad8 17. Qa4 a5 18. e3 h6 19. Bxf6 gxf6 20. Nh4 Rc7 21. h3 Rdd7
22. Qc2 f5 23. Qa4 Qd8 24. Rc1 Rc8 25. Qd1 Rb8 26. Qh5 Qg5 27. Qe2 Qe7 28. Rcd1
a4 29. Qh5 Kg7 30. Qe2 Ne5 31. Bxb7 Rbxb7 32. f4 Nc6 33. Rd5 Kf8 34. R5d3 0-1

[Event "Reykjavik Open 2026"]
[Site "Reykjavik ISL"]
[Date "2026.03.25"]
[Round "1.31"]
[White "Tsolakidou, Stavroula"]
[Black "Kamp, Aaron"]
[Result "1-0"]
[WhiteTitle "IM"]
[WhiteElo "2479"]
[BlackElo "2069"]
[WhiteFideId "4264312"]
[BlackFideId "16231120"]
[EventDate "2026.03.25"]

1. e4 c5 2. Nf3 d6 3. d4 cxd4 4. Nxd4 Nf6 5. Nc3 Bd7 6. f3 Nc6 7. Be3 a6 8. Qd2
Rc8 9. O-O-O e5 10. Nb3 Na5 11. Kb1 Nc4 12. Bxc4 Rxc4 13. g4 Be6 14. g5 Nh5 15.
Nd5 Bxd5 16. Qxd5 Qc7 17. Na5 Rxc2 18. Rc1 Rxc1+ 19. Rxc1 Qd7 20. Nxb7 Be7 21.
Nxd6+ Bxd6 22. Qa8+ Ke7 23. Qxh8 Bb4 24. Qb8 Bd6 25. Bc5 Bxc5 26. Qxe5+ 1-0

[Event "Reykjavik Open 2026"]
[Site "Reykjavik ISL"]
[Date "2026.03.25"]
[Round "1.32"]
[White "Kolka, David"]
[Black "Batsiashvili, Nino"]
[Result "0-1"]
[BlackTitle "GM"]
[WhiteElo "2069"]
[BlackElo "2472"]
[WhiteFideId "2308010"]
[BlackFideId "13602993"]
[EventDate "2026.03.25"]

1. e4 e5 2. Nf3 Nc6 3. Bb5 a6 4. Bxc6 dxc6 5. O-O Qd6 6. d4 exd4 7. Nxd4 Bd7 8.
Be3 Nh6 9. f3 Qg6 10. Qe2 Bd6 11. e5 Be7 12. Nc3 Nf5 13. Ne4 O-O 14. Rfe1 Rad8
15. Rad1 Rfe8 16. Nxf5 Bxf5 17. Bc5 Bh4 18. Rxd8 Bxd8 19. Bd4 a5 20. c4 h5 21.
Qd2 Bh4 22. Re2 Rd8 23. Qc3 b6 24. Bf2 Bxf2+ 25. Kxf2 c5 26. Rd2 Re8 27. Ng3 Bb1
28. b3 h4 29. Nf1 Qg5 30. Rb2 Bf5 31. Re2 Qf4 32. Qd2 Qd4+ 33. Qe3 Rxe5 34. Qxd4
Rxe2+ 35. Kxe2 cxd4 36. Nd2 c5 37. a4 g5 38. g3 Kg7 39. Kf2 Kf6 40. Ke2 Ke5 41.
Kf2 Bc2 42. g4 Bd3 43. Ke1 Kf4 44. Kf2 h3 0-1

[Event "Reykjavik Open 2026"]
[Site "Reykjavik ISL"]
[Date "2026.03.25"]
[Round "1.33"]
[White "Lavrencic, Matic"]
[Black "Dimitrijevic, Aleksandra"]
[Result "1-0"]
[WhiteTitle "IM"]
[BlackTitle "WGM"]
[WhiteElo "2472"]
[BlackElo "2063"]
[WhiteFideId "14637847"]
[BlackFideId "929239"]
[EventDate "2026.03.25"]

1. e4 c5 2. Nf3 e6 3. d4 cxd4 4. Nxd4 Nc6 5. a3 a6 6. c4 Nf6 7. Nc3 d6 8. Be2
Be7 9. O-O Bd7 10. Be3 O-O 11. Rc1 Nxd4 12. Qxd4 Bc6 13. Rfd1 Qb8 14. f3 Nd7 15.
Bf2 Re8 16. Bg3 e5 17. Qd2 Nc5 18. Rb1 Nb3 19. Qd3 Nd4 20. Bf2 Bf6 21. Bf1 b5
22. cxb5 axb5 23. Na2 d5 24. Nb4 dxe4 25. Nxc6 exd3 26. Nxb8 Rexb8 27. Bxd3 b4
28. axb4 Rxb4 29. Be1 Rb6 30. Ra1 Rab8 31. Bc3 g6 32. Kf1 h5 33. Ra6 Kg7 34.
Rxb6 Rxb6 35. Rb1 Nb5 36. Be1 Be7 37. b4 f5 38. Ra1 Nd4 39. b5 Bc5 40. Ra7+ Kf6
41. Bc4 g5 42. Ba5 Rd6 43. Rf7+ Kg6 44. Bc7 Nxb5 45. Bxd6 Nxd6 46. Rc7 Bb4 47.
Bd3 e4 48. fxe4 fxe4 49. Bc2 Kf6 50. Ke2 Nb5 51. Rc4 Nc3+ 52. Ke3 Ke5 53. Bxe4
Nd1+ 54. Ke2 Nc3+ 55. Kd3 Na2 56. Bg6 Bd6 57. Bxh5 Nb4+ 58. Ke2 Nd5 59. g3 Nc7
60. Kf3 Nd5 61. Re4+ Kf6 62. Bg4 Be5 63. Ra4 Bd6 64. Re4 Be5 65. Rc4 Nc3 66.
Rc6+ Kg7 67. Bf5 Bf6 68. Rc7+ Kh8 69. Rd7 Nb5 70. Kg4 Nd4 71. Kh5 Nxf5 72. Kg6 1-0

[Event "Reykjavik Open 2026"]
[Site "Reykjavik ISL"]
[Date "2026.03.25"]
[Round "1.34"]
[White "Schulz, Jannis"]
[Black "Agmanov, Zhandos"]
[Result "0-1"]
[BlackTitle "IM"]
[WhiteElo "2063"]
[BlackElo "2463"]
[WhiteFideId "16224710"]
[BlackFideId "13708309"]
[EventDate "2026.03.25"]

1. d4 Nf6 2. Nf3 d5 3. Bf4 e6 4. e3 c5 5. c3 Bd6 6. Bb5+ Nc6 7. Bxc6+ bxc6 8.
Bxd6 Qxd6 9. O-O O-O 10. Nbd2 cxd4 11. cxd4 c5 12. dxc5 Qxc5 13. Nb3 Qb6 14. Qd4
Bd7 15. Rfc1 Rfb8 16. Rc2 Ne4 17. Rac1 Qa6 18. Nc5 Nxc5 19. Qxc5 Qxa2 20. Qe7
Be8 21. Ng5 h6 22. Nxe6 fxe6 23. Rc7 Qxb2 24. Qxe6+ Kh8 25. h3 Rd8 26. Qe7 a5
27. Qf8+ Kh7 28. R1c2 Bg6 29. Rxb2 Rxf8 30. Rbb7 Rg8 31. Ra7 d4 32. exd4 Be4 33.
f3 Rxa7 34. Rxa7 Ra8 35. Rc7 Bd5 36. Rc3 a4 37. Ra3 Bb3 38. Kf2 Rc8 39. g3 Rc3 0-1

[Event "Reykjavik Open 2026"]
[Site "Reykjavik ISL"]
[Date "2026.03.25"]
[Round "1.35"]
[White "Sochacki, Christophe"]
[Black "Brackmann, Hendrik"]
[Result "1-0"]
[WhiteTitle "GM"]
[WhiteElo "2459"]
[BlackElo "2060"]
[WhiteFideId "662569"]
[BlackFideId "12905135"]
[EventDate "2026.03.25"]

1. Nf3 Nf6 2. b3 c5 3. Bb2 Nc6 4. e3 g6 5. g3 Bg7 6. Bg2 d5 7. O-O O-O 8. Qe2
Re8 9. d4 e5 10. Nxe5 Nxe5 11. dxe5 Ng4 12. f4 f6 13. Rd1 d4 14. exd4 cxd4 15.
h3 Nh6 16. Rxd4 Qb6 17. Kh2 fxe5 18. Rd2 Nf7 19. Nc3 Be6 20. Nd5 Bxd5 21. Bxd5
exf4 22. Bxf7+ Kxf7 23. Rd7+ Kf8 24. Bxg7+ Kg8 25. Qc4+ Re6 26. Bd4 fxg3+ 27.
Kxg3 1-0

[Event "Reykjavik Open 2026"]
[Site "Reykjavik ISL"]
[Date "2026.03.25"]
[Round "1.36"]
[White "Omarsson, Josef"]
[Black "Garifullina, Leya"]
[Result "0-1"]
[BlackTitle "IM"]
[WhiteElo "2047"]
[BlackElo "2454"]
[WhiteFideId "2316102"]
[BlackFideId "34127035"]
[EventDate "2026.03.25"]

1. d4 Nf6 2. c4 e6 3. a3 b6 4. Nc3 d5 5. e3 Bb7 6. cxd5 exd5 7. Nf3 Bd6 8. Bd3
O-O 9. b4 a6 10. O-O Re8 11. b5 Ne4 12. bxa6 Nxa6 13. Bb2 c5 14. Rc1 Nxc3 15.
Rxc3 c4 16. Bb1 Nc7 17. Ne5 g6 18. e4 dxe4 19. Nxc4 Nd5 20. Rb3 Ba6 21. Nxd6
Qxd6 22. Re1 Bc4 23. Rg3 f5 24. Bc1 b5 25. h4 e3 26. Qf3 Nc3 27. Bxe3 Bd5 28.
Qh5 Qxg3 0-1

[Event "Reykjavik Open 2026"]
[Site "Reykjavik ISL"]
[Date "2026.03.25"]
[Round "1.37"]
[White "Siva, Mahadevan"]
[Black "Mensing, Adrian"]
[Result "1-0"]
[WhiteTitle "IM"]
[WhiteElo "2454"]
[BlackElo "2044"]
[WhiteFideId "25043153"]
[BlackFideId "1043293"]
[EventDate "2026.03.25"]

1. e4 c5 2. Nf3 d6 3. d4 cxd4 4. Nxd4 Nf6 5. Nc3 a6 6. f3 e5 7. Nb3 Be7 8. Be3
Be6 9. Qd2 h5 10. Be2 Nbd7 11. Nd5 Bxd5 12. exd5 Qc7 13. Rc1 O-O 14. c4 a5 15.
Na1 Nh7 16. Nc2 Qd8 17. Na3 Bg5 18. Bxg5 Nxg5 19. h4 Nh7 20. Kd1 Nhf6 21. Kc2
Re8 22. Kb1 e4 23. Nb5 Nc5 24. Rhe1 Qd7 25. Rc3 exf3 26. gxf3 Re5 27. Rg1 Rae8
28. Nd4 Qe7 29. Rc2 a4 30. f4 Re4 31. Nf5 Qd7 32. Nxg7 Ng4 33. Nxh5 Rxe2 34.
Qxe2 1-0

[Event "Reykjavik Open 2026"]
[Site "Reykjavik ISL"]
[Date "2026.03.25"]
[Round "1.38"]
[White "Homer, Stephen J"]
[Black "Tsatsalashvili, Keti"]
[Result "0-1"]
[BlackTitle "WGM"]
[WhiteElo "1979"]
[BlackElo "2305"]
[WhiteFideId "410322"]
[BlackFideId "13603434"]
[EventDate "2026.03.25"]

1. e4 c5 2. Nf3 d6 3. d4 cxd4 4. Nxd4 Nf6 5. Nc3 Nc6 6. f3 e5 7. Nb3 h6 8. Be3
Be6 9. Qd2 d5 10. exd5 Nxd5 11. Nxd5 Qxd5 12. Qxd5 Bxd5 13. O-O-O O-O-O 14. c4
Be6 15. Rxd8+ Kxd8 16. Nc5 Bc8 17. Bd3 Be7 18. Rd1 Kc7 19. Ne4 Rd8 20. Nc3 Be6
21. Be2 Rxd1+ 22. Kxd1 a6 23. Kd2 f5 24. Bd3 Bf6 25. Nd5+ Bxd5 26. cxd5 Ne7 27.
Bc5 Bg5+ 28. Ke2 Nxd5 29. Bxf5 b6 30. Bf8 Bf6 31. Be4 Nf4+ 32. Kf2 a5 33. b3 Ne6
34. Ba3 b5 35. g3 b4 36. Bb2 Kd6 37. Ke2 Nc5 38. Bg6 Bg5 39. h4 Bf6 40. Bf7 e4
41. Bxf6 gxf6 42. Ke3 exf3 43. Kxf3 Ke5 44. Kg4 Ne4 45. Kh5 f5 46. Kxh6 Kf6 47.
Bh5 Nxg3 48. Bf3 Ne4 49. h5 Ng5 50. Be2 f4 51. Bd3 f3 52. Bf1 f2 53. Bg2 Nf7+
54. Kh7 Kg5 55. Kg7 Nh6 56. Bf1 Nf5+ 57. Kf7 Ng3 58. Bc4 Ne4 59. Ke6 Nc3 60. Kd6
Nxa2 61. Kc5 Nc1 62. Kb5 Nxb3 63. Ka4 Nd2 0-1

[Event "Reykjavik Open 2026"]
[Site "Reykjavik ISL"]
[Date "2026.03.25"]
[Round "1.39"]
[White "Sayce, Hannah"]
[Black "Frederick, Benjamin"]
[Result "1-0"]
[WhiteTitle "WCM"]
[WhiteElo "1889"]
[BlackElo "1681"]
[WhiteFideId "3250695"]
[BlackFideId "39936180"]
[EventDate "2026.03.25"]

1. e4 e5 2. Nf3 Nc6 3. Bb5 a6 4. Ba4 d6 5. c3 Bd7 6. d4 Nge7 7. Be3 g6 8. Nbd2
Bg7 9. d5 Nb8 10. h4 h6 11. h5 g5 12. Nf1 Bxa4 13. Qxa4+ Qd7 14. Qc2 f5 15. exf5
Qxf5 16. Qb3 b6 17. O-O-O Nd7 18. Qa4 Qf7 19. Ng3 Nf5 20. Ne4 Nxe3 21. fxe3 O-O
22. Qc6 Nc5 23. Nxc5 bxc5 24. Rdf1 Qe7 25. Nd2 e4 26. Rxf8+ Rxf8 27. Qxa6 Qe5
28. Qc4 Rf2 29. Qxe4 Qxe4 30. Nxe4 Rxg2 31. Nd2 Rg4 32. b3 Bxc3 33. Nc4 Rg2 34.
Kb1 Rf2 35. a4 Kf7 36. a5 Ke7 37. a6 Rf8 38. Kc2 Bb4 39. Ra1 Ra8 40. e4 Kd7 41.
Kd3 c6 42. Nb6+ Kc7 43. Nxa8+ Kb8 44. dxc6 g4 45. a7+ Kxa8 46. c7 Kb7 47. c8=Q+
Kxc8 48. a8=Q+ Kc7 49. Ra7+ Kb6 50. Qb7# 1-0

[Event "Reykjavik Open 2026"]
[Site "Reykjavik ISL"]
[Date "2026.03.25"]
[Round "1.40"]
[White "Kadovic, Tamara"]
[Black "Brynjarsson, Orvar Holm"]
[Result "0-1"]
[WhiteElo "1602"]
[BlackElo "1845"]
[WhiteFideId "16512065"]
[BlackFideId "2321726"]
[EventDate "2026.03.25"]

1. d4 Nf6 2. c4 e6 3. g3 c5 4. Nf3 cxd4 5. Nxd4 d5 6. Bg2 Bc5 7. Nf3 O-O 8. O-O
Nc6 9. Nbd2 a5 10. a3 Qe7 11. Qc2 Rd8 12. e4 dxc4 13. e5 Nd5 14. Nxc4 b5 15.
Ncd2 Bb7 16. Ne4 Ba7 17. Bg5 f6 18. exf6 gxf6 19. Bh4 Rac8 20. Qb1 Rf8 21. Re1
Qc7 22. Bh3 Rce8 23. Qc1 Qg7 24. Nd6 e5 25. Nxe8 Rxe8 26. Qd2 Nf4 27. Bf1 Nd8
28. Bxb5 Bxf3 29. Bc4+ Nde6 30. Bxe6+ Nxe6 31. Qd3 Ba8 32. Qf5 Qb7 33. Kf1 Qg2+
34. Ke2 Nd4+ 0-1

[Event "Reykjavik Open 2026"]
[Site "Reykjavik ISL"]
[Date "2026.03.25"]
[Round "1.41"]
[White "Williams, Simon K"]
[Black "Krischer, Markus"]
[Result "1-0"]
[WhiteTitle "GM"]
[WhiteElo "2443"]
[BlackElo "2042"]
[WhiteFideId "404454"]
[BlackFideId "34616152"]
[EventDate "2026.03.25"]

1. d4 Nf6 2. Bg5 c5 3. d5 d6 4. Nc3 g6 5. e4 Bg7 6. Bb5+ Nbd7 7. a4 O-O 8. Nf3
a6 9. Be2 Qc7 10. O-O e6 11. Qd2 exd5 12. exd5 Ng4 13. Ne1 Nge5 14. f4 h6 15.
Bh4 g5 16. fxg5 Ng6 17. gxh6 Bh8 18. Bd3 Nde5 19. Bf6 Bd7 20. Qg5 Nxd3 21. Nxd3 1-0

[Event "Reykjavik Open 2026"]
[Site "Reykjavik ISL"]
[Date "2026.03.25"]
[Round "1.42"]
[White "Perchard, Matthew"]
[Black "Yip, Carissa"]
[Result "0-1"]
[BlackTitle "IM"]
[WhiteElo "1787"]
[BlackElo "2486"]
[WhiteFideId "343404235"]
[BlackFideId "2090732"]
[EventDate "2026.03.25"]

1. e4 g6 2. d4 Bg7 3. Nf3 d6 4. c4 Nf6 5. Nc3 O-O 6. Be2 Nbd7 7. h4 e5 8. d5 Nc5
9. Bg5 h6 10. Bxf6 Qxf6 11. g3 a5 12. b3 Qd8 13. h5 f5 14. Nh4 fxe4 15. Nxg6 Rf7
16. Qd2 Bf5 17. Qe3 Bf6 18. Nd1 Bg5 19. Qc3 Qf6 20. Ne3 Bxg6 21. hxg6 Qxf2+ 22.
Kd2 Rf3 23. Raf1 Qxe3+ 24. Qxe3 Bxe3+ 25. Kd1 Rxf1+ 26. Rxf1 Rf8 0-1

[Event "Reykjavik Open 2026"]
[Site "Reykjavik ISL"]
[Date "2026.03.25"]
[Round "1.43"]
[White "Thorsteinsdottir, Hallgerdur"]
[Black "Tutisani, Noe"]
[Result "0-1"]
[WhiteTitle "WFM"]
[BlackTitle "IM"]
[WhiteElo "2042"]
[BlackElo "2454"]
[WhiteFideId "2302454"]
[BlackFideId "13602853"]
[EventDate "2026.03.25"]

1. e4 c5 2. Nf3 Nc6 3. Bb5 g6 4. O-O Bg7 5. c3 Nf6 6. Re1 O-O 7. d4 a6 8. Bf1
cxd4 9. cxd4 d5 10. e5 Ne4 11. h3 Bf5 12. Nc3 Rc8 13. Qb3 Nxc3 14. bxc3 Na5 15.
Qb4 Qc7 16. Bg5 h6 17. Be3 Rfe8 18. Rec1 Nc4 19. Nd2 Nxe3 20. fxe3 f6 21. Qb3
fxe5 22. Qxd5+ e6 23. Qb3 g5 24. Be2 Kh8 25. Bf3 b5 26. a4 exd4 27. exd4 Qf4 28.
axb5 axb5 29. Ra2 Bxd4+ 30. Kh1 Be5 31. Kg1 Qe3+ 32. Kh1 Rxc3 33. Qd1 Qf4 0-1

[Event "Reykjavik Open 2026"]
[Site "Reykjavik ISL"]
[Date "2026.03.25"]
[Round "1.44"]
[White "Petry, Martin"]
[Black "Panchanathan, Magesh Chandran"]
[Result "0-1"]
[BlackTitle "GM"]
[WhiteElo "2042"]
[BlackElo "2440"]
[WhiteFideId "1352318"]
[BlackFideId "5007429"]
[EventDate "2026.03.25"]

1. Nf3 Nf6 2. g3 b5 3. Bg2 Bb7 4. O-O e6 5. d3 Be7 6. e4 O-O 7. Nfd2 d5 8. exd5
Bxd5 9. Ne4 b4 10. c4 Bc6 11. a3 Nxe4 12. dxe4 Qxd1 13. Rxd1 Nd7 14. axb4 Bxb4
15. Bf4 e5 16. Be3 a5 17. Na3 Ba4 18. Nc2 Bxc2 19. Rxd7 c6 20. Rc1 Bb3 21. Rd3
a4 22. Bf1 Rfd8 23. Bb6 Rxd3 24. Bxd3 c5 25. Kf1 f6 26. Be2 Kf7 27. Bd1 Ra6 28.
Bxb3 axb3 29. Bc7 Ra7 30. Bd6 Ke6 31. Bb8 Rb7 0-1

[Event "Reykjavik Open 2026"]
[Site "Reykjavik ISL"]
[Date "2026.03.25"]
[Round "1.45"]
[White "Baskin, Robert"]
[Black "Snodgrass, Benjamin"]
[Result "1-0"]
[WhiteTitle "IM"]
[WhiteElo "2435"]
[BlackElo "2040"]
[WhiteFideId "24662402"]
[BlackFideId "30915422"]
[EventDate "2026.03.25"]

1. e4 d6 2. d4 Nf6 3. Nc3 e5 4. Nf3 Nbd7 5. Rg1 g6 6. Be3 Bg7 7. dxe5 dxe5 8. g4
O-O 9. h4 c6 10. h5 Qa5 11. h6 Bh8 12. Nd2 b5 13. g5 Nh5 14. a4 b4 15. Na2 c5
16. Nc4 Qc7 17. Qd6 Qxd6 18. Nxd6 Nf4 19. Bb5 Rd8 20. Bc4 Nb6 21. Bxf7+ Kf8 22.
Bxc5 Nxa4 23. Bxb4 Rxd6 24. Bb3 1-0

[Event "Reykjavik Open 2026"]
[Site "Reykjavik ISL"]
[Date "2026.03.25"]
[Round "1.46"]
[White "Jagic, Jakov"]
[Black "Akhvlediani, Irakli"]
[Result "0-1"]
[BlackTitle "IM"]
[WhiteElo "2038"]
[BlackElo "2429"]
[WhiteFideId "2528398"]
[BlackFideId "13601938"]
[EventDate "2026.03.25"]

1. d4 Nf6 2. c4 e6 3. Nf3 Bb4+ 4. Bd2 a5 5. Nc3 b6 6. g3 Bb7 7. Bg2 O-O 8. O-O
d6 9. a3 Bxc3 10. Bxc3 a4 11. Rc1 Nbd7 12. Nd2 Bxg2 13. Kxg2 e5 14. e4 exd4 15.
Bxd4 Re8 16. Re1 Nc5 17. Qc2 Nfd7 18. f4 Qb8 19. Nf3 Qb7 20. Bxc5 Nxc5 21. e5
dxe5 22. fxe5 Rad8 23. Rcd1 h6 24. Re2 Qc6 25. Rxd8 Rxd8 26. Rd2 Rxd2+ 27. Qxd2
Qe4 28. Qd5 Qe2+ 29. Kh3 Ne4 30. Kg4 h5+ 31. Kf4 g5+ 32. Nxg5 Qg4+ 33. Ke3 Nxg5
34. Qd8+ Kg7 35. Qxc7 Qf3+ 36. Kd2 Ne4+ 37. Kc2 Qe2+ 38. Kc1 Qd2+ 39. Kb1 Qd1+
40. Ka2 Nd2 0-1